The Legend of Zelda A-Z: Easy Difficulty - Statistics

General Stats
  • This quiz has been taken 34 times
  • The average score is 17 of 26
Answer Stats
Letter Hint Answer % Correct
A Ammunition for Link’s trusty bow Arrow
96%
D Evil reflection of Link Dark Link
88%
Z Race of fish people Zora
88%
B Sometimes magical Australian weapon Boomerang
85%
X Press this button to make the Hero of the Wild jump X button
85%
C Hyrule’s version of a chicken Cucco
81%
K Hylian village associated with windmills Kakariko
81%
E Link’s trusty steed Epona
77%
G Mostly female race of thieves and pirates Gerudo
73%
I Zelda’s primary attendant Impa
73%
N Link’s most famous fairy companion Navi
73%
O Rock shooting enemy with sniper-like accuracy Octorok
73%
T Location where the Hero of Time stands before the Pedestal of Time, and plays the Song of Time on the Ocarina of Time in order to open the Door of Time Temple of Time
69%
S Peaceful town high in the sky which hosts the Knight’s Academy Skyloft
65%
R Zombie-like enemy ReDead
62%
U Chief of the Gerudo and commander of Vah Naboris Urbosa
62%
H Item used to grapple towards distant targets Hookshot
58%
L Use this in dark places, or as an impromptu weapon Lantern
50%
M Race of tiny people living among Hylians Minish
50%
V Wind mage who sometimes takes the form of a cursed giant eye Vaati
50%
F Dungeon located deep under Death Mountain Fire Temple
46%
J Water deity who swallows Link Jabu-Jabu
46%
P Clocktown’s faithful mail carrier Postman
42%
Q Boss nesting inside the Great Deku Tree Queen Gohma
38%
W Flying whale spirit who dreams of Koholint Island Windfish
35%
Y Snow people inhabiting Snowpeak Ruins Yeti
35%
No matching quizzes found
Score Distribution
Percent of People with Each Score
Percentile by Number Answered
Your Score History
You have not taken this quiz